000
00298nam a2200133Ia 4500
008
240624s9999 xx 000 0 und d
041
_a
eng
082
_a
343.0999 SIN
100
_a
SINGH YATINDRA
245
_a
CYBER LAWS
260
_c
2003
_a
Delhi
_b
Universal
300
_a
xix, : 248
365
_c
RS
999
_c
1531
_d
1531